| 000 | 00693nam a2200205 4500 | ||
|---|---|---|---|
| 001 | 135957 | ||
| 003 | ES-MaACL | ||
| 005 | 20250809062556.0 | ||
| 007 | t| | ||
| 008 | 070214s1944 sp r ||||1| spa d | ||
| 100 | 1 |
_aRuiz-Giménez, Joaquín, _d1913-2009 _9100820 |
|
| 245 | 1 | 0 |
_aDerecho y vida humana _b: (reflexiones a la luz de Santo Tomás) / _cpor Joaquín Ruiz-Giménez. |
| 260 |
_aMadrid : _bDiana, _c1944. |
||
| 300 |
_a257 p. ; _c22 cm. |
||
| 594 | _aPrecede al tít.: Instituto de Estudios Políticos. | ||
| 650 | 4 |
_aDerecho- _xFilosofía _911620 |
|
| 710 | 2 |
_aInstituto de Estudios Políticos (Madrid) _94924 |
|
| 852 |
_aES-MaACL _jF-16209 |
||
| 999 |
_c135957 _d135957 |
||